Estatísticas para Seis países mais próximos - Antártica

Clique aqui para jogar o quiz

Estatísticas Gerais

  • Esse quiz foi jogado 41 vezes
  • A pontuação média é 4 de 6

Estatísticas das Respostas

kmpaís% Correto
1023Argentina
94%
1005Chile
86%
2518Austrália
78%
2484Nova Zelândia
69%
3292Brasil
44%
3151Uruguai
33%

Distribuição das Pontuações

Percentil de Números Respondidos

Porcentagem de Pessoas com Cada Pontuação

Sua Pontuação Histórica

Você não jogou esse quiz